| 000 | 00458nam a22001817a 4500 | ||
|---|---|---|---|
| 003 | CEME | ||
| 005 | 20210628210742.0 | ||
| 008 | 210212b xxu||||| |||| 00| 0 eng d | ||
| 020 | _a817-808-026-5 | ||
| 040 | _c. | ||
| 082 | _a651.74 TAY | ||
| 100 |
_aTayler, Shirley _980859 |
||
| 245 | _aModel business letters and other business documents | ||
| 250 | _a5TH | ||
| 260 |
_aNEW DELHI _bPEARSON EDUCATION _c2000 |
||
| 300 | _aXII,387P | ||
| 942 |
_cBK _2ddc |
||
| 999 |
_c585712 _d585712 |
||